Shortwave Transmitter Sites - Statistics

General Stats
  • This quiz has been taken 12 times
  • The average score is 50 of 194
Answer Stats
Country Hint Answer % Correct
China China Radio International Beijing
80%
France Radio France International Issoudun
80%
Kuwait Radio Kuwait Kabd - Sulabiyah
80%
Germany Deutsche Welle Nauen
80%
Egypt Radio Cairo Abis & Abu Zaabal
60%
Guam KTWR Trans World Radio Agana - Merizo
60%
Oman BBC Al Seela
60%
UK Overseas Territories BBC Ascension Island
60%
Germany Radio Liberty Biblis
60%
Australia Radio Australia Brandon
60%
Australia Radio Australia Carnarvon
60%
Albania China Radio International Cerrik
60%
Russia Voice of Russia Chita - Atamanovka
60%
Australia Radio Australia / CVC Darwin
60%
India All India Radio Delhi - Kingsway & Khampur
60%
Turkey Voice of Turkey Emirler
60%
Armenia Voice of Russia Gavar
60%
Portugal Radio Liberty Gloria & Maxoqueira
60%
USA - North Carolina Voice of America Greenville
60%
Cuba Radio Habana Cuba Habana - Bauta / Bejucal / Quivicán
60%
Germany Deutsche Welle Jülich
60%
China China Radio International Kashi
60%
South Korea KBS World Radio Kimjae
60%
Germany Radio Liberty Lampertheim
60%
Cyprus BBC Limassol
60%
Ukraine Radio Ukraine International Lviv - Krasne
60%
South Africa Channel Africa Meyerton A&B
60%
Belarus Radio Belarus Minsk-Sasnovy/Kalodziscy
60%
Austria Radio Austria International Moosbrunn
60%
Gabon NHK Radio Japan Moyabi
60%
Spain Radio Exterior de España Noblejas
60%
USA - Florida WRMI Radio Miami Int. Okeechobee
60%
Taiwan Radio Taiwan International Paochung
60%
Finland YLE Radio Finland Pori
60%
Italy RAI Roma - Prato Smeraldo
60%
Canada Radio Canada International Sackville
60%
Australia Radio Australia Shepparton
60%
Albania Radio Tirana Shijiak
60%
Portugal Deutsche Welle Sines
60%
Bulgaria Radio Bulgaria Sofia-Kostinbrod
60%
Madagascar Radio Nederland Talata Volonondry
60%
Philippines Voice of America Tinang
60%
Latvia Radio Riga Ulbroka
60%
Belgium Radio Vlaanderen Internationaal Wavre
60%
United Kingdom BBC Woofferton
60%
Japan NHK Radio Japan Yamata
60%
Guam KSDA Adventist World Radio Agat
40%
Greece Voice of Greece Avlis
40%
India All India Radio Bangalore - Doddaballapur
40%
Netherlands Antilles Radio Nederland Bonaire
40%
Bangladesh Bangladesh Betar Dhaka-Khabirpur
40%
Tajikistan Voice of Russia Dushanbe - Orzu & Yangi-Yul
40%
Moldova Voice of Russia Grigoriopol/Maiac
40%
Sweden Radio Sweden Hörby
40%
Indonesia Voice of Indonesia Jakarta - Cimanggis
40%
Malaysia Voice of Malaysia Kajang
40%
Ukraine Radio Ukraine International Kiev - Brovary
40%
Rwanda Deutsche Welle Kigali
40%
Singapore BBC Kranji
40%
Australia HCJB Australia - Reach Beyond Kununurra
40%
Norway Radio Norway International Kvitsøy
40%
USA - Tennessee WTWW Lebanon
40%
Russia Voice of Russia Moscow (Taldom, Kurovskaya, Noginsk)
40%
USA - Indiana World Harvest Radio Noblesville
40%
Bulgaria Radio Bulgaria Plovdiv-Padarsko
40%
USA - California KVOH Rancho Simi
40%
USA - Pennsylvania WINB Red Lion
40%
Northern Mariana Islands Radio Free Asia Saipan - Agingan Point
40%
Northern Mariana Islands KFBS Saipan - Marpi
40%
Russia Voice of Russia Samara
40%
Iran Voice of the Islamic Republic of Iran Sirjan
40%
United Kingdom BBC Skelton
40%
Switzerland Swiss Radio International Sottens
40%
Thailand Voice of America Udon Thani
40%
Mongolia Voice of Mongolia Ulaanbaatar-Khonkhor
40%
USA - New Mexico KJES Vado
40%
Germany Deutsche Welle Wertachtal
40%
Syria Radio Damascus Adra
20%
Kazakstan Voice of Orthodoxy Almaty - Dmitrievka & Qaraturyq
20%
USA - Alaska KNLS Anchor Point
20%
Mali China Radio International Bamako
20%
USA - Ohio Voice of America Bethany
20%
USA - Pennsylvania WMLK Bethel
20%
Morocco Voice of America Briech
20%
Sri Lanka Voice of America Colombo
20%
USA - California Voice of America Delano
20%
Hungary Radio Budapest Diósd & Jászberény & Székesfehérvár
20%
United Arab Emirates UAE Radio Dubai Dubai
20%
Netherlands Radio Nederland Flevo
20%
Romania Radio Romania International Galbeni
20%
Argentina Radio Argentina al Exterior General Pacheco
20%
Vietnam Voice of Vietnam Hanoi - Sontay
20%
China China Radio International Hohhot
20%
UK Overseas Territories BBC Hong Kong
20%
Nigeria Voice of Nigeria Ikorodu
20%
Luxembourg RTL Junglinster
20%
North Korea Voice of Korea Kujang
20%
Switzerland Swiss Radio International Lenk
20%
Czech Republic Radio Prague Litomysl
20%
Seychelles BBC | FEBA Radio Mahe
20%
USA - Tennessee WWRB Manchester - Morrison
20%
Swaziland Trans World Radio Manzini - Mpangela Ranch
20%
USA - Florida WRMI Radio Miami Int. Miami - Hialeah Gardens
20%
USA - Maine WBCQ Monticello
20%
Botswana Voice of America Mopeng Hill
20%
Morocco Médi 1 Nador
20%
USA - Tennessee WWCR Nashville
20%
USA - Louisiana WRNO New Orleans
20%
USA - North Carolina WTJC Newport
20%
New Zealand Radio New Zealand International Rangitaiki
20%
Saudi Arabia BSKSA Riyadh & Jiddah
20%
Romania Radio Romania International Săftica & Ţigăneşti
20%
USA - Utah KTBN Salt Lake City
20%
Russia Voice of Russia Sankt-Peterburg
20%
Vatican City Radio Vaticana Santa Maria di Galeria
20%
Chile CVC Voz Cristiana Santiago - Calera de Tango
20%
São Tomé Voice of America São Tomé - Pinheira
20%
Oman Radio Sultanate of Oman Seeb & Thumrait
20%
Norway Radio Norway International Sveio
20%
Morocco Voice of America Tangier
20%
Northern Mariana Islands Radio Free Asia Tinian
20%
China China Radio International Xi'an
20%
Nigeria Voice of Nigeria Abuja - Lugbe
0%
Iran Voice of the Islamic Republic of Iran Ahwaz
0%
Costa Rica Adventist World Radio Alajuela
0%
India All India Radio Aligarh
0%
Switzerland Swiss Radio International Beromünster
0%
Bosnia-Herzegovina International Radio Serbia Bijeljina
0%
Philippines Far East Broadcasting Corporation Bocaue & Iba
0%
Brazil Radiobras Brasília - Parque do Rodeador
0%
Turkey Voice of Turkey Çakırlar
0%
Costa Rica Radio Exterior de España Cariari de Pococí
0%
India All India Radio Chennai
0%
USA - South Carolina World Harvest Radio Cypress Creek / Furman
0%
Croatia Voice of Croatia Deanovec
0%
United Arab Emirates BBC Dhabayya
0%
UK Overseas Territories American Forces Radio Diego Garcia
0%
Sri Lanka Radio Japan Ekala
0%
Italy Adventist World Radio Forlì
0%
Norway Radio Norway International Fredrikstad
0%
Germany Radio Liberty Holzkirchen
0%
Taiwan Radio Taiwan International Huwei
0%
Sri Lanka Voice of America Iranawila
0%
Russia Voice of Russia Irkutsk - Angarsk
0%
Pakistan Radio Pakistan Islamabad
0%
Germany Bayrischer Rundfunk Ismaning
0%
China China Radio International Jinhua
0%
Russia Voice of Russia Kaliningrad - Bolshakovo
0%
Iran Voice of the Islamic Republic of Iran Kamalabad
0%
Russia Voice of Russia Khabarovsk
0%
Ukraine Radio Ukraine International Kharkiv - Taranivka
0%
Russia Voice of Russia Komsomolsk-na-Amure
0%
GDR Radio Berlin International Königs Wusterhausen
0%
Palau World Harvest Radio Koror-Babeldaob
0%
Taiwan Radio Taiwan International Kouhu
0%
Russia Voice of Russia Krasnodar/Armavir - Tbilisskaya
0%
China China Radio International Kunming - Anning
0%
GDR Radio Berlin International Leipzig
0%
Portugal RdP Radio Portugal Lisboa - São Gabriel
0%
USA - Georgia WWBS Macon
0%
Iran Voice of the Islamic Republic of Iran Mashhad
0%
Oman BBC Masirah Island
0%
USA - Georgia WGTG McCaysville
0%
Liberia Voice of America Monrovia
0%
France (Guyane) Radio France International Montsinéry
0%
Portugal Rádio Renascença Muge
0%
Germany Süddeutscher Rundfunk Mühlacker
0%
India All India Radio Mumbai
0%
Ukraine Radio Ukraine International Mykolaiv - Kopani
0%
USA - Hawaii World Harvest Radio Naalehu
0%
Thailand BBC Nakhon Sawan
0%
Russia Voice of Russia Novosibirsk
0%
Philippines Radio Veritas Asia Palauig
0%
India All India Radio Panaji
0%
Russia Voice of Russia Petropavlovsk-Kamchatskij - Yelizovo
0%
Spain Radio Liberty Playa de Pals
0%
Philippines Voice of America Poro
0%
United Kingdom BBC Rampisham
0%
Slovakia Radio Slovakia International Rimavská Sobota & Veľké Kostoľany
0%
Germany Südwestfunk Rohrdorf
0%
Switzerland Swiss Radio International Sarnen
0%
Switzerland Swiss Radio International Schwarzenburg
0%
Tunisia RTT Sfax
0%
China China Radio International Shijiazhuang
0%
Taiwan Radio Taiwan International Tainan
0%
Taiwan Radio Taiwan International Taipei - Pali
0%
Taiwan Radio Taiwan International Tanshui
0%
Uzbekistan Radio Tashkent Tashkent
0%
Sri Lanka Deutsche Welle Trincomalee
0%
China China Radio International Urumqi
0%
USA - Alabama EWTN / WEWN Vandiver
0%
Russia Voice of Russia Vladivostok - Razdolnoye/Ussuriysk
0%
Poland Radio Polonia Warszawa - Leszczynka
0%
No matching quizzes found
Score Distribution
Percent of People with Each Score
Percentile by Number Answered
Your Score History
You have not taken this quiz